Análisis de índice de condición de pavimento flexible de la carretera vieja a Tipitapa NN-151.
Presenta el análisis de índice de condición de pavimento flexible de la carretera vieja a Tipitapa NN-151, mediante el cual se determinó el estado actual de la carretera identificando las diferentes fallas patológicas presentes mediante la observación visual del trabajo de campo.
| Main Author: | |
|---|---|
| Other Authors: | |
| Format: | Tesis Section = Libro |
| Language: | Undetermined Spanish |
| Published: |
Managua
UNI
2014
|
| Subjects: |
| LEADER | 01107nam a2200253Ia 4500 | ||
|---|---|---|---|
| 008 | 240830s9999 xx 000 0 und d | ||
| 040 | |a BIBLIOTECA-RUPAP Mon 625.85 G216 | ||
| 041 | |a spa | ||
| 082 | |a Mon 625.85 G216 | ||
| 100 | 1 | |a García Zeledón, Katy María | |
| 245 | 1 | 0 | |a Análisis de índice de condición de pavimento flexible de la carretera vieja a Tipitapa NN-151. |
| 260 | |a Managua |b UNI |c 2014 | ||
| 300 | |a 76 p. :il. | ||
| 500 | |a Contiene: anexos. | ||
| 502 | |a Tesis (Ingeniero Civil)- UNI, 2014. | ||
| 520 | 3 | |a Presenta el análisis de índice de condición de pavimento flexible de la carretera vieja a Tipitapa NN-151, mediante el cual se determinó el estado actual de la carretera identificando las diferentes fallas patológicas presentes mediante la observación visual del trabajo de campo. | |
| 650 | 7 | |a PAVIEMENTOS | |
| 650 | 7 | |b PAVIMENTOS FLEXIBLES | |
| 650 | 7 | |c PAVIMENTOS – DISEÑO Y CONSTRUCCION | |
| 650 | 7 | |d CARRETERAS – MANTENIMIENTO Y REPARACION | |
| 700 | 1 | |a Tutor: |b López Peña, Orlando Anastasio | |
| 942 | |c BK |2 ddc | ||
| 991 | |a TESIS | ||
| 999 | |c 16091 | ||